Los anteojos negros / (Registro nro. 37)
[ vista simple ]
| 000 -LEADER | |
|---|---|
| fixed length control field | 01498nam a22002177a 4500 |
| 003 - CONTROL NUMBER IDENTIFIER | |
| control field | OSt |
| 005 - DATE AND TIME OF LATEST TRANSACTION | |
| control field | 20230712100118.0 |
| 008 - FIXED-LENGTH DATA ELEMENTS--GENERAL INFORMATION | |
| fixed length control field | 230705s2015 spa||||| |||| 00| 1 spa d |
| 020 ## - INTERNATIONAL STANDARD BOOK NUMBER | |
| International Standard Book Number | 9789500437110 |
| 040 ## - CATALOGING SOURCE | |
| Language of cataloging | spa |
| Transcribing agency | besoc |
| 100 1# - MAIN ENTRY--PERSONAL NAME | |
| Personal name | Carr, John Dickson, |
| Dates associated with a name | (1906-1977) |
| Relator term | autor |
| 245 14 - TITLE STATEMENT | |
| Title | Los anteojos negros / |
| Statement of responsibility, etc. | John Dickson Carr ; traducción de Marta Acosta van Praet |
| 250 ## - EDITION STATEMENT | |
| Edition statement | 1a ed. |
| 260 ## - PUBLICATION, DISTRIBUTION, ETC. | |
| Place of publication, distribution, etc. | Buenos Aires : |
| Name of publisher, distributor, etc. | Emecé, |
| Date of publication, distribution, etc. | 2015 |
| 300 ## - PHYSICAL DESCRIPTION | |
| Extent | 299 p. |
| 490 ## - SERIES STATEMENT | |
| Series statement | El séptimo círculo / colección creada por Jorge Luis Borges y Adolfo Bioy Casares |
| 520 ## - SUMMARY, ETC. | |
| Summary, etc. | Bellegarde ha dejado de ser sinónimo de residencia honorable. Al trascendido de que la joven Marjorie pudiera estar implicada en el crimen de un menor, se suceden una serie de muertes, todas por envenenamiento. Pero la de Marcus Chesney es la más alarmante, ya que ocurre durante un experimento público con el que la víctima pensaba probar lo engañosas que pueden resultar las evidencias... Los anteojos negros somete al lector a una rigurosa lectura que no deja nada librado al azar. "-Parece también -continúo- que junto con su último aliento, Marcus ha demostrado su teoría favorita. Si comprendo bien lo que me dijo el doctor, todos ellos, sin excepción, vieron con sus propios ojos cómo lo envenenaban y, sin embargo, ninguno puede explicar lo que pasó" [Nota del editor]. |
| 650 #4 - SUBJECT ADDED ENTRY--TOPICAL TERM | |
| Topical term or geographic name entry element | Literatura norteamericana |
| Form subdivision | Novelas |
| Chronological subdivision | Siglo XX |
| 700 1# - ADDED ENTRY--PERSONAL NAME | |
| Personal name | Acosta va Praet, Marta |
| Relator term | traductor |
| 942 ## - ADDED ENTRY ELEMENTS (KOHA) | |
| Source of classification or shelving scheme | Universal Decimal Classification |
| Koha item type | Obra General |
| Suppress in OPAC | No |
| Withdrawn status | Lost status | Source of classification or shelving scheme | Damaged status | Not for loan | Collection | Home library | Current library | Date acquired | Total checkouts | Full call number | Barcode | Date last seen | Price effective from | Koha item type |
|---|---|---|---|---|---|---|---|---|---|---|---|---|---|---|
| Universal Decimal Classification | Colección General | Biblioteca Escuela de Ciencias Sociales | Biblioteca Escuela de Ciencias Sociales | 12/07/2023 | 82-312.4(73) C311 | 000658 | 12/07/2023 | 12/07/2023 | Obra General |